| 000 | 00629nam a2200181Ia 4500 | ||
|---|---|---|---|
| 008 | 151018s9999 xx 000 0 und d | ||
| 082 |
_bRBASDV6775 _a891.463 |
||
| 100 | _aबाबुराव - अर्नाळकर | ||
| 245 | _aएकोणिसावा दंश | ||
| 250 | _b1 | ||
| 260 |
_bरम्यकथा प्रकाशन _c1970 |
||
| 300 | _a85 | ||
| 600 | _aबाबुराव - अर्नाळकर | ||
| 630 | _aएकोणिसावा दंश | ||
| 700 | _aबाबुराव - अर्नाळकर | ||
| 730 | _aएकोणिसावा दंश | ||
| 942 | _cBOOK | ||
| 999 |
_c1009144 _d1009141 |
||